El cliente negocia y el abogado lo asesora: una variante poco usada en los conflictos de familia. Descripción y resultados de un modelo de trabajo evaluado.
Saved in:
| 主要作者: | |
|---|---|
| 格式: | 圖書 |
| 語言: | 西班牙语 |
| 出版: |
Buenos Aires, Argentina
Lumen
2004
|
| 叢編: | Minoridad y Familia
|
| 主題: | |
| 標簽: |
添加標簽
沒有標簽, 成為第一個標記此記錄!
|
MARC
| LEADER | 00000nam a2200000 a 4500 | ||
|---|---|---|---|
| 001 | UCK6819 | ||
| 003 | CL-VaPUC | ||
| 005 | 20240401121848.0 | ||
| 008 | 051021e20040000AG |||||||||||||||||spa|d | ||
| 999 | |c 314965 |d 314963 | ||
| 020 | |a 9870004539 | ||
| 040 | |c Pontificia Universidad Católica de Valparaíso | ||
| 082 | 0 | 4 | |a 347.09 CAR 2004 |2 21 |
| 100 | 0 | |a Cárdenas, Eduardo José |9 496283 | |
| 245 | 1 | 3 | |a El cliente negocia y el abogado lo asesora: una variante poco usada en los conflictos de familia. Descripción y resultados de un modelo de trabajo evaluado. |
| 260 | 0 | 3 | |a Buenos Aires, Argentina |b Lumen |c 2004 |
| 300 | |a 204 páginas. | ||
| 490 | 0 | |a Minoridad y Familia | |
| 583 | |a last modification |c 20051021 00:00:00 |k Rodrigo Vera | ||
| 650 | 0 | |a Mediación familiar |9 466593 | |
| 650 | 0 | |a Familias |9 255641 | |
| 650 | 0 | |a Tribunales |9 254872 | |
| 650 | 0 | |a Abogados |9 256284 | |
| 650 | 0 | |a Jurisprudencia |9 255952 | |
| 942 | |c BK |2 ddc | ||
| 945 | |d 20051021 00:00:00 |a cmena | ||
| 952 | |0 0 |1 0 |2 ddc |4 0 |6 347_090000000000000_CAR_2004 |7 0 |8 A |9 387799 |a BIBDER |b BIBDER |d 2019-11-22 |i 4176189 |o 347.09 CAR 2004 |p 4176189 |r 2023-01-25 |t 1 |w 2019-11-22 |y BK |k DER | ||